00759nam a2200253 a 4500001001300000003000900013005001700022008004100039020001000080082001500090100001500105245001800120260004800138300000800186500003500194505001400229650002700243700001500270902000800285942000700293952009500300952009500395999001500490nice12345678IN_TiNIC20260116011426.0050524s1930 laha grp 000 0 urd  ac10000a232.9bBUS aBushnell,  aIsa Ki Seerat aLahorebPunjab Religious Booksociety c1930 a48p aincludes index and biblioraphy2 areference aJesus Christ-Biography1 aBushnell,  bSRS cBK 00104070aHMIbHMId2016-03-21g100.00l0o232.9 BUSp4812r0000-00-00w2026-01-16yARB 00104070aHMIbHMId2016-03-21g100.00l0o232.9 BUSp5093r0000-00-00w2026-01-16yARB c1411d1411